00825nam a22001337a 4500008004100000020001500041050001800056100002100074245015100095260006700246300002500313500004100338505031200379140714b xxu||||| |||| 00| 0 eng d a9964782551 aDp/HF5387.W84 aWoode, Samuel N. aEthical dilemmas and moral temptations: cases in administration (Ghanaian administrators talk about everyday moral challenges). /cSamuel N.Woode. aAccra :bAsempa Publishers, Christian Council of Ghana,c1998. axv, 142 p. :c21 cm. aIncludes bibliographical references. aContents: Purchasing and supply -- Confidential information -- Personnel administration -- Office romance -- Sexual harassment -- Manipulation of subordinates -- Theft -- Entertainment,hospitality, and gifts -- Admissions -- Hierarchy -- Family and friends -- Greed -- Abuse of privileges -- Expense abuse.